000 00582nam a2200217Ia 4500
005 20250506172914.0
008 008 250505s9999 xx 000 0 eng d
020 _a9789393850331
037 _aTB
040 _aILCL
_beng
_cILCL
041 _aeng
_2eng
082 _qILCL
245 0 _aSupreme Court Guidelines and Directions
250 _a2
260 _aDelhi
_bLaw and Justice Publishing Company
_c2023
300 _axlvi,644p.
365 _aINR
710 _aLaw and Justice Editorial Board
_9754738
942 _cTB
_2Colon Classification
999 _c1312623
_d1312623